[Event "SVK-chT1W 2122"]
[Site "Slovakia"]
[Date "2022.02.27"]
[Round "4.2"]
[White "Bombek, Peter"]
[Black "Zetocha, Claudiu"]
[Result "1-0"]
[WhiteElo "2078"]
[BlackElo "2281"]
[PlyCount "163"]
[EventDate "2021.11.06"]
[EventType "team-tourn"]
[EventRounds "11"]
[EventCountry "SVK"]
[SourceTitle "EXT 2023"]
[Source "ChessBase"]
[SourceDate "2022.10.05"]
[SourceVersion "1"]
[SourceVersionDate "2022.10.05"]
[SourceQuality "1"]
[WhiteTeam "Dubnica nad Vahom II"]
[BlackTeam "Bratislava Slovan II"]
[WhiteTeamCountry "SVK"]
[BlackTeamCountry "SVK"]

1. d4 Nf6 2. Bg5 e6 3. Nf3 h6 4. Bh4 c5 5. e3 b6 6. c4 cxd4 7. exd4 Bb4+ 8. Nc3 Bb7 9. Be2 g5 10. Bg3 Ne4 11. Qd3 d6 12. h4 Bxc3+ 13. bxc3 Nxg3 14. fxg3 g4 15. Nd2 Bxg2 16. Rh2 Bb7 17. Bxg4 Nd7 18. Rf2 Qe7 19. Bf3 Bxf3 20. Qxf3 Rc8 21. Kf1 Rg8 22. Re1 Rg6 23. Re4 Rf6 24. Rf4 Rxf4 25. Qxf4 Qf8 26. Ne4 Rc6 27. c5 bxc5 28. dxc5 Nxc5 29. Nxc5 Rxc5 30. Qa4+ Kd8 31. Qxa7 Qe7 32. Qa8+ Rc8 33. Qa5+ Ke8 34. Qb4 d5 35. Qd4 Qc5 36. Qh8+ Ke7 37. Qf6+ Kd6 38. Qf4+ Kc6 39. Qxf7 Qd6 40. Kg2 Ra8 41. Re2 e5 42. Rf2 Kc5 43. Kh3 Ra6 44. Qb7 Qb6 45. Qc8+ Qc6 46. Qb8 Qe6+ 47. Kg2 Rb6 48. Qc7+ Rc6 49. Qa5+ Kd6 50. Rb2 Qg6 51. Kh2 Qf6 52. Rd2 Rc5 53. Qb6+ Rc6 54. Qb4+ Ke6 55. Qb5 Rd6 56. c4 d4 57. c5 Rd7 58. Qb6+ Ke7 59. c6 Qd6 60. Qb5 Rc7 61. Re2 Ke6 62. Qb3+ Qd5 63. Qb8 Qxc6 64. Qg8+ Kd6 65. Qg6+ Kd7 66. Qg7+ Kc8 67. Qxe5 d3 68. Qf5+ Qd7 69. Qf8+ Kb7 70. Rb2+ Kc6 71. Qf6+ Kd5 72. Qf3+ Kd4 73. Qf2+ Kd5 74. Qe3 Kc4 75. Qf4+ Kd5 76. Qe3 Kc4 77. Qe4+ Kc5 78. Rd2 Ra7 79. Qe5+ Kc4 80. Qb2 Qa4 81. Rf2 Qa3 82. Rf4+ 1-0

[Event "SVK-chT1W 2122"]
[Site "Slovakia"]
[Date "2022.02.13"]
[Round "7.2"]
[White "Bombek, Peter"]
[Black "Skreno, Vladimir"]
[Result "1/2-1/2"]
[WhiteElo "2078"]
[BlackElo "2101"]
[PlyCount "54"]
[EventDate "2021.11.06"]
[EventType "team-tourn"]
[EventRounds "11"]
[EventCountry "SVK"]
[SourceTitle "EXT 2023"]
[Source "ChessBase"]
[SourceDate "2022.10.05"]
[SourceVersion "1"]
[SourceVersionDate "2022.10.05"]
[SourceQuality "1"]
[WhiteTeam "Dubnica nad Vahom II"]
[BlackTeam "Nitra NSK"]
[WhiteTeamCountry "SVK"]
[BlackTeamCountry "SVK"]

1. d4 g6 2. Nf3 Bg7 3. e4 d6 4. Nc3 c6 5. a4 a5 6. h3 Nf6 7. Be3 Qc7 8. Qd2 Bd7 9. Bc4 0-0 10. 0-0 Na6 11. e5 Ne8 12. Rfe1 d5 13. Bf1 Nb4 14. Na2 Na6 15. b4 axb4 16. Nxb4 Nxb4 17. Qxb4 Bf5 18. c4 Be4 19. Ng5 c5 20. dxc5 Bxe5 21. Ra3 Nf6 22. Nxe4 dxe4 23. Rb1 Rfb8 24. Qb6 Qd7 25. Qb5 Qc7 26. Qb6 Qd7 27. Qb5 Qc7 1/2-1/2